Länder des Schengener Abkommens - Statistiken

Allgemein
  • Dieses Quiz wurde 361 mal gespielt
  • Das Durchschnittsergebnis liegt bei 25 aus 27
Antwortstatistiken
Staat % Korrekt
Schweden
98%
Polen
97%
Portugal
97%
Spanien
97%
Tschechien
97%
Deutschland
96%
Italien
96%
Norwegen
96%
Estland
95%
Frankreich
95%
Lettland
95%
Litauen
94%
Slowenien
94%
Belgien
93%
Finnland
93%
Griechenland
93%
Kroatien
93%
Luxemburg
93%
Österreich
93%
Dänemark
92%
Schweiz
92%
Slowakei
92%
Niederlande
91%
Ungarn
88%
Liechtenstein
85%
Island
84%
Malta
76%
Keine übereinstimmenden Quizze gefunden
Verteilung der Resultate
Anzahl Personen mit jedem Resultat
Perzentil nach korrekt beantworteten Fragen
Ihre Resultats-Entwicklung
Sie haben dieses Quiz noch nicht gespielt